000 00959nam a2200289Ia 4500
001 F2052
003 IT-RoPAU
008 130308s9999 xx 000 0 und d
040 _aIT-RoPAU
040 _cIT-RoPAU
041 _aITALIANO
100 _aBorroni Marco
100 _gCodice Aut. SPICS: 23588
245 _aJuke-box Impazzito: rumori e musiche nei cartoon di Tex Avery (Il)
245 _bWhat'S Up, Tex? Il Cinema di Tex Avery
250 _a1a ed.
260 _aTORINO
260 _bLindau
260 _c1998 [1° Ed.:1998 - Ed.Ling.Originale:1998]
300 _a"8 p. (prefazione: no ; testo: 8 [pagine: 93-100])"
500 _aCoollaborazione di Avery con I Compositori C. Stalling e S. Bradley. Ruolodella Musica Nei cartoni di Avery. Lavoro Sul Sonoro che si Integra con L'Immagine: Nuovo Linguaggio.
650 _aAUTORI/OPERE DEL CINEMA
650 _eCodice materia Spics: 6807
942 _cBK
957 _71
999 _c83145
_d83145
999 _g1